000 00558nmm a2200169Ia 4500
008 251105s9999||||xx |||||||||||||||||und||
020 _a8477335346
041 _aspa
100 _aGil Andrés, Carlos
245 0 _aEcharse a la calle : amotinados, huelguistas y revolucionarios. (La Rioja, 1890-1936)
264 _a[Madrid, España] :
_bPrensas Universitarias de Zaragoza,
_c2000
300 _a541 páginas
490 _aCiencias sociales
650 _aHistory of Europe: Spain
856 _uhttps://public.digitaliapublishing.com/a/2111
942 _cCF
999 _c73393
_d73393